| 000 | 00464nam a22001812 4500 | ||
|---|---|---|---|
| 001 | 0000001297 | ||
| 005 | 20170406113327.0 | ||
| 008 | 131219s xx 000 0 eng d | ||
| 020 | _c$ | ||
| 040 |
_aYour Holding Symbol _cYour Holding Symbol |
||
| 100 | 1 | _aWedgwood,C.V. | |
| 245 | 1 | 0 | _aOliver, cromwell. |
| 250 | _a ed. | ||
| 260 |
_alondon : _bbuckworth, _c1939. |
||
| 300 |
_a144 p. ; _c cm. |
||
| 650 | 0 | _agreat britain. | |
| 908 | _a131219 | ||
| 999 |
_c1214 _d1214 |
||